<?xml version="1.0" encoding="UTF-8"?>
<record
    xmlns:xsi="http://www.w3.org/2001/XMLSchema-instance"
    xsi:schemaLocation="http://www.loc.gov/MARC21/slim http://www.loc.gov/standards/marcxml/schema/MARC21slim.xsd"
    xmlns="http://www.loc.gov/MARC21/slim">

  <leader>01355nam a22002657a 4500</leader>
  <controlfield tag="005">20150202095058.0</controlfield>
  <controlfield tag="008">131112b2009    ck ||||| |||| 00| 0 spa d</controlfield>
  <datafield tag="040" ind1=" " ind2=" ">
    <subfield code="a">CO-BoIAVH</subfield>
    <subfield code="c">CO-BoIAVH</subfield>
  </datafield>
  <datafield tag="041" ind1=" " ind2=" ">
    <subfield code="a">spa</subfield>
  </datafield>
  <datafield tag="044" ind1=" " ind2=" ">
    <subfield code="a">ck</subfield>
  </datafield>
  <datafield tag="090" ind1=" " ind2=" ">
    <subfield code="a">IAVH</subfield>
    <subfield code="b">01468</subfield>
  </datafield>
  <datafield tag="100" ind1="1" ind2=" ">
    <subfield code="a">Quiceno-Mesa, Mar&#xED;a Paula</subfield>
    <subfield code="9">2333</subfield>
  </datafield>
  <datafield tag="245" ind1="1" ind2=" ">
    <subfield code="a">Caracterizaci&#xF3;n de la biodiversidad y lineamientos generales para la formulaci&#xF3;n de un plan de manejo del Parque Natural Regional The Peak en la isla de Providencia</subfield>
    <subfield code="b">Mar&#xED;a Paula Quiceno Mesa ... [et al]</subfield>
  </datafield>
  <datafield tag="246" ind1=" " ind2=" ">
    <subfield code="a">The Peak en la isla de Providencia</subfield>
  </datafield>
  <datafield tag="260" ind1=" " ind2=" ">
    <subfield code="a">Bogot&#xE1;</subfield>
    <subfield code="b">Instituto de Investigaci&#xF3;n de Recursos Biol&#xF3;gicos Alexander von Humboldt</subfield>
    <subfield code="c">2009</subfield>
  </datafield>
  <datafield tag="300" ind1=" " ind2=" ">
    <subfield code="a">124 p.</subfield>
    <subfield code="b">tablas</subfield>
    <subfield code="c">28 cm.</subfield>
    <subfield code="e">Cuadro clasificaci&#xF3;n taxon&#xF3;mica Reptilia</subfield>
  </datafield>
  <datafield tag="500" ind1=" " ind2=" ">
    <subfield code="a">Informe t&#xE9;cnico final
Caracterizaci&#xF3;n de la biodiversidad y lineamientos generales para la formulaci&#xF3;n fe in plan de manejo del Parque Natural Regional The Peak en la Isla de Providencia</subfield>
  </datafield>
  <datafield tag="650" ind1=" " ind2=" ">
    <subfield code="a">Parques Naturales</subfield>
    <subfield code="x">planes de manejo</subfield>
    <subfield code="9">32422</subfield>
  </datafield>
  <datafield tag="650" ind1=" " ind2=" ">
    <subfield code="a">Biodiversidad</subfield>
    <subfield code="x">caracterizaci&#xF3;n</subfield>
    <subfield code="z">The Peak (Parque Natural Regional)</subfield>
    <subfield code="z">Providencia (Aechipi&#xE9;lago, Colombia)</subfield>
    <subfield code="9">32423</subfield>
  </datafield>
  <datafield tag="650" ind1=" " ind2=" ">
    <subfield code="a">Bosque seco tropical</subfield>
    <subfield code="9">32424</subfield>
  </datafield>
  <datafield tag="700" ind1="1" ind2=" ">
    <subfield code="a">Ospina-Medina, Daniel</subfield>
    <subfield code="9">2463</subfield>
  </datafield>
  <datafield tag="700" ind1="1" ind2=" ">
    <subfield code="a">Palacios-Noguera, Santiago</subfield>
    <subfield code="9">2464</subfield>
  </datafield>
  <datafield tag="700" ind1="1" ind2=" ">
    <subfield code="a">Ramos-Bar&#xF3;n, Pablo</subfield>
    <subfield code="9">2465</subfield>
  </datafield>
  <datafield tag="942" ind1=" " ind2=" ">
    <subfield code="2">z</subfield>
    <subfield code="c">INFORME</subfield>
    <subfield code="0">1</subfield>
  </datafield>
  <datafield tag="999" ind1=" " ind2=" ">
    <subfield code="c">7774</subfield>
    <subfield code="d">7774</subfield>
  </datafield>
  <datafield tag="952" ind1=" " ind2=" ">
    <subfield code="0">0</subfield>
    <subfield code="1">0</subfield>
    <subfield code="2">z</subfield>
    <subfield code="4">0</subfield>
    <subfield code="7">0</subfield>
    <subfield code="8">HUMBOLDT</subfield>
    <subfield code="I">INV2017</subfield>
    <subfield code="a">Bogota</subfield>
    <subfield code="b">Bogota</subfield>
    <subfield code="d">2013-11-12</subfield>
    <subfield code="l">1</subfield>
    <subfield code="o">IAVH-01468</subfield>
    <subfield code="p">059260</subfield>
    <subfield code="r">2024-08-09 00:00:00</subfield>
    <subfield code="s">2014-11-27</subfield>
    <subfield code="t">Ej. 1</subfield>
    <subfield code="w">2013-11-12</subfield>
    <subfield code="x">Dep&#xF3;sito Institucional</subfield>
    <subfield code="y">INFORME</subfield>
  </datafield>
</record>
